000 00246nam a22001097a 4500
082 _a621.381 KUL'E
100 _aKULLER, K. KARL
_937542
245 _aELECTRONICS DRAFTING
260 _aNEWYORK
_bMCGRAW HILL
_c1962
300 _a286P
942 _cBK
999 _c567579
_d567579